[Event "11th Arad Open 2018"]
[Site "Arad"]
[Date "2018.08.05"]
[Round "1"]
[White "Roubalik, Jakub"]
[Black "Martinenco, Sergiu"]
[Result "1-0"]
[WhiteElo "2402"]
[BlackElo "1857"]
[Annotator "NA"]
[PlyCount "81"]
[EventDate "2018.08.05"]
[EventType "swiss"]
[EventCountry "ROU"]
[SourceTitle "playchess.com"]
[Source "ChessBase"]
[SourceQuality "1"]
[TimeControl "40/5400+30:1800+30"]

1. d4 {[%emt 0:00:00]} Nf6 {[%emt 0:00:00]} 2. c4 {[%emt 0:00:00]} e6 {[%emt 0:00:00]} 3. Nf3 {[%emt 0:00:00]} d5 {[%emt 0:00:12]} 4. Nc3 {[%emt 0:00:00]} Be7 {[%emt 0:00:12]} 5. Bg5 {[%emt 0:00:18]} O-O {[%emt 0:00:25]} 6. Qc2 {[%emt 0:03:02]} b6 {[%emt 0:12:31]} 7. cxd5 {[%emt 0:06:41]} Nxd5 {[%emt 0:06:39]} 8. Bxe7 {[%emt 0:00:11]} Qxe7 {[%emt 0:02:26]} 9. Nxd5 {[%emt 0:04:28]} exd5 {[%emt 0:00:08]} 10. e3 {[%emt 0:00:05]} c5 {[%emt 0:09:21]} 11. Bd3 {[%emt 0:01:31]} g6 {[%emt 0:01:09]} 12. dxc5 {[%emt 0:06:33]} bxc5 {[%emt 0:01:23]} 13. O-O {[%emt 0:00:11]} Nd7 {[%emt 0:15:21]} 14. Rac1 {[%emt 0:06:11]} Bb7 {[%emt 0:01:08]} 15. Rfe1 {[%emt 0:06:23]} f5 {[%emt 0:06:01]} 16. Bb5 {[%emt 0:07:59]} Rac8 {[%emt 0:03:53]} 17. Qa4 {[%emt 0:06:44]} Nf6 {[%emt 0:13:48]} 18. Qxa7 {[%emt 0:15:22]} Ne4 {[%emt 0:00:44]} 19. Ba6 {[%emt 0:03:48]} Rc7 {[%emt 0:01:58]} 20. Bxb7 {[%emt 0:00:05]} Rxb7 {[%emt 0:00:13]} 21. Qa3 {[%emt 0:00:10]} Rfb8 {[%emt 0:09:26]} 22. b3 {[%emt 0:01:38]} Ra7 {[%emt 0:05:45]} 23. Qb2 {[%emt 0:00:13]} Rba8 {[%emt 0:02:01]} 24. Ra1 {[%emt 0:04:11]} Ra6 {[%emt 0:01:00]} 25. Red1 {[%emt 0:02:53]} Rd6 {[%emt 0:02:44]} 26. Qc2 {[%emt 0:16:02]} Qg7 {[%emt 0:02:39]} 27. Rac1 {[%emt 0:00:45]} Rad8 {[%emt 0:01:11]} 28. Nd2 {[%emt 0:01:15]} c4 {[%emt 0:01:06]} 29. Nxe4 {[%emt 0:02:14]} cxb3 {[%emt 0:00:23]} 30. Qxb3 {[%emt 0:00:13]} fxe4 {[%emt 0:00:06]} 31. Rd4 {[%emt 0:00:20]} Qd7 {[%emt 0:01:00]} 32. Rxe4 {[%emt 0:01:41]} Rb6 {[%emt 0:00:31]} 33. Qxb6 {[%emt 0:02:44]} dxe4 {[%emt 0:00:05]} 34. Qb3+ {[%emt 0:00:07]} Kg7 {[%emt 0:00:23]} 35. Qc3+ {[%emt 0:00:15]} Kh6 {[%emt 0:00:18]} 36. h3 {[%emt 0:00:33]} Qd3 {[%emt 0:01:15]} 37. Qf6 {[%emt 0:01:57]} Rd7 {[%emt 0:00:24]} 38. Qf8+ {[%emt 0:00:33]} Kh5 {[%emt 0:00:25]} 39. g4+ {[%emt 0:00:13]} Kg5 {[%emt 0:00:34]} 40. Qf4+ {[%emt 0:00:00]} Kh4 {[%emt 0:00:00]} 41. Qh6# {[%emt 0:15:15]} 1-0

[Event "11th Arad Open 2018"]
[Site "Arad"]
[Date "2018.08.05"]
[Round "1"]
[White "Macovei, Andrei"]
[Black "Pop, Laurentius Onyx"]
[Result "1-0"]
[WhiteElo "2394"]
[BlackElo "1852"]
[Annotator "NA"]
[PlyCount "71"]
[EventDate "2018.08.05"]
[EventType "swiss"]
[EventCountry "ROU"]
[SourceTitle "playchess.com"]
[Source "ChessBase"]
[SourceQuality "1"]
[TimeControl "40/5400+30:1800+30"]

1. e4 {[%emt 0:00:00]} e5 {[%emt 0:00:02]} 2. Nf3 {[%emt 0:00:05]} Nc6 {[%emt 0:00:23]} 3. Bb5 {[%emt 0:00:05]} Nf6 {[%emt 0:00:28]} 4. d3 {[%emt 0:01:05]} Bc5 {[%emt 0:00:29]} 5. c3 {[%emt 0:00:06]} d6 {[%emt 0:05:17]} 6. O-O {[%emt 0:00:27]} O-O {[%emt 0:02:28]} 7. Nbd2 {[%emt 0:00:07]} Bd7 {[%emt 0:06:33]} 8. h3 {[%emt 0:09:42]} Bb6 {[%emt 0:14:43]} 9. Re1 {[%emt 0:06:29]} Ne7 {[%emt 0:11:29]} 10. Bc4 {[%emt 0:06:23]} c6 {[%emt 0:04:27]} 11. Nf1 {[%emt 0:09:04]} Ng6 {[%emt 0:04:04]} 12. Bb3 {[%emt 0:04:41]} h6 {[%emt 0:05:11]} 13. Ng3 {[%emt 0:01:21]} Re8 {[%emt 0:01:49]} 14. d4 {[%emt 0:02:17]} Qc7 {[%emt 0:10:14]} 15. Be3 {[%emt 0:06:52]} Be6 {[%emt 0:09:53]} 16. Bc2 {[%emt 0:06:18]} Rad8 {[%emt 0:02:29]} 17. Qc1 {[%emt 0:10:26]} Kh7 {[%emt 0:05:40]} 18. a4 {[%emt 0:03:38]} a5 {[%emt 0:01:30]} 19. Nf5 {[%emt 0:02:24]} Bxf5 {[%emt 0:02:12]} 20. exf5 {[%emt 0:00:02]} Nf8 {[%emt 0:00:56]} 21. dxe5 {[%emt 0:01:18]} Bxe3 {[%emt 0:00:06]} 22. Qxe3 {[%emt 0:00:23]} dxe5 {[%emt 0:01:19]} 23. Nxe5 {[%emt 0:00:36]} Rd5 {[%emt 0:01:33]} 24. f4 {[%emt 0:00:20]} N8d7 {[%emt 0:01:07]} 25. c4 {[%emt 0:02:12]} Rc5 {[%emt 0:00:57]} 26. Qf2 {[%emt 0:00:37]} b6 {[%emt 0:03:02]} 27. Nxf7 {[%emt 0:01:04]} Rxe1+ {[%emt 0:00:31]} 28. Rxe1 {[%emt 0:00:02]} Rxc4 {[%emt 0:00:01]} 29. Ne5 {[%emt 0:01:28]} Rb4 {[%emt 0:01:02]} 30. Qg3 {[%emt 0:03:54]} Nf8 {[%emt 0:00:52]} 31. Ng6 {[%emt 0:02:10]} Nxg6 {[%emt 0:01:08]} 32. Qxg6+ {[%emt 0:00:12]} Kh8 {[%emt 0:00:03]} 33. Re8+ {[%emt 0:00:25]} Nxe8 {[%emt 0:01:27]} 34. Qxe8+ {[%emt 0:00:09]} Kh7 {[%emt 0:00:01]} 35. f6+ {[%emt 0:00:05]} g6 {[%emt 0:00:07]} 36. Bxg6# {[%emt 0:00:33]} 1-0

[Event "11th Arad Open 2018"]
[Site "Arad"]
[Date "2018.08.05"]
[Round "1"]
[White "Soltanici, Ruslan"]
[Black "Baibarac, Niculae"]
[Result "1-0"]
[WhiteElo "2383"]
[BlackElo "1836"]
[Annotator "NA"]
[PlyCount "95"]
[EventDate "2018.08.05"]
[EventType "swiss"]
[EventCountry "ROU"]
[SourceTitle "playchess.com"]
[Source "ChessBase"]
[SourceQuality "1"]
[TimeControl "40/5400+30:1800+30"]

1. e4 {[%emt 0:00:00]} e5 {[%emt 0:02:14]} 2. Nf3 {[%emt 0:00:00]} Nc6 {[%emt 0:00:45]} 3. Bb5 {[%emt 0:00:02]} a6 {[%emt 0:00:45]} 4. Ba4 {[%emt 0:00:13]} Nf6 {[%emt 0:02:16]} 5. O-O {[%emt 0:00:39]} b5 {[%emt 0:00:49]} 6. Bb3 {[%emt 0:00:12]} d6 {[%emt 0:01:24]} 7. c3 {[%emt 0:02:36]} Be7 {[%emt 0:00:53]} 8. d4 {[%emt 0:02:26]} Bg4 {[%emt 0:00:14]} 9. Be3 {[%emt 0:00:23]} Na5 {[%emt 0:00:28]} 10. Bc2 {[%emt 0:00:15]} Nc4 {[%emt 0:00:10]} 11. Bc1 {[%emt 0:00:15]} O-O {[%emt 0:01:38]} 12. b3 {[%emt 0:02:07]} Nb6 {[%emt 0:00:26]} 13. dxe5 {[%emt 0:03:51]} Bxf3 {[%emt 0:00:22]} 14. Qxf3 {[%emt 0:00:09]} dxe5 {[%emt 0:00:21]} 15. Rd1 {[%emt 0:03:30]} Qc8 {[%emt 0:00:39]} 16. Nd2 {[%emt 0:02:42]} c5 {[%emt 0:03:36]} 17. Nf1 {[%emt 0:02:11]} Rd8 {[%emt 0:10:20]} 18. Rxd8+ {[%emt 0:06:47]} Qxd8 {[%emt 0:01:44]} 19. Ne3 {[%emt 0:05:24]} g6 {[%emt 0:00:42]} 20. a4 {[%emt 0:00:55]} Qc7 {[%emt 0:07:29]} 21. Qe2 {[%emt 0:12:17]} Qc6 {[%emt 0:04:11]} 22. c4 {[%emt 0:15:31]} b4 {[%emt 0:03:00]} 23. Bb2 {[%emt 0:08:16]} Nbd7 {[%emt 0:00:19]} 24. Rd1 {[%emt 0:02:01]} Qe6 {[%emt 0:03:35]} 25. g3 {[%emt 0:02:39]} Rd8 {[%emt 0:07:13]} 26. Kg2 {[%emt 0:05:46]} Nb8 {[%emt 0:00:49]} 27. Nd5 {[%emt 0:02:45]} Nc6 {[%emt 0:02:50]} 28. f4 {[%emt 0:01:24]} Nd4 {[%emt 0:01:43]} 29. Bxd4 {[%emt 0:00:33]} exd4 {[%emt 0:00:34]} 30. Qf3 {[%emt 0:06:00]} Kg7 {[%emt 0:03:31]} 31. Bd3 {[%emt 0:05:35]} Bf8 {[%emt 0:08:22]} 32. e5 {[%emt 0:01:09]} Nxd5 {[%emt 0:11:59]} 33. cxd5 {[%emt 0:00:05]} Qxd5 {[%emt 0:00:10]} 34. Qxd5 {[%emt 0:00:25]} Rxd5 {[%emt 0:00:18]} 35. Bxa6 {[%emt 0:00:10]} Rd7 {[%emt 0:02:21]} 36. Bc4 {[%emt 0:03:45]} Ra7 {[%emt 0:00:26]} 37. Kf3 {[%emt 0:01:50]} Be7 {[%emt 0:05:46]} 38. Ke4 {[%emt 0:00:28]} f5+ {[%emt 0:01:49]} 39. exf6+ {[%emt 0:02:34]} Kxf6 {[%emt 0:02:35]} 40. Kd5 {[%emt 0:00:00]} Bf8 {[%emt 0:00:00]} 41. Kc6 {[%emt 0:15:26]} Be7 {[%emt 0:24:18]} 42. Re1 {[%emt 0:03:43]} Ra5 {[%emt 0:03:21]} 43. Kb7 {[%emt 0:01:00]} Bf8 {[%emt 0:09:23]} 44. Re8 {[%emt 0:00:14]} Be7 {[%emt 0:02:32]} 45. Kb6 {[%emt 0:00:09]} Rxa4 {[%emt 0:00:22]} 46. bxa4 {[%emt 0:00:12]} b3 {[%emt 0:00:30]} 47. Bxb3 {[%emt 0:00:08]} d3 {[%emt 0:00:16]} 48. Rxe7 {[%emt 0:00:05]} 1-0

[Event "11th Arad Open 2018"]
[Site "Arad"]
[Date "2018.08.05"]
[Round "1"]
[White "Peptan, Corina Isabela"]
[Black "Brosman, Alexandru"]
[Result "1-0"]
[WhiteElo "2380"]
[BlackElo "1826"]
[Annotator "NA"]
[PlyCount "73"]
[EventDate "2018.08.05"]
[EventType "swiss"]
[EventCountry "ROU"]
[SourceTitle "playchess.com"]
[Source "ChessBase"]
[SourceQuality "1"]
[TimeControl "40/5400+30:1800+30"]

1. d4 {[%emt 0:00:00]} Nf6 {[%emt 0:00:00]} 2. c4 {[%emt 0:00:00]} e6 {[%emt 0:00:00]} 3. Nf3 {[%emt 0:00:00]} b6 {[%emt 0:00:07]} 4. a3 {[%emt 0:00:42]} Bb7 {[%emt 0:00:21]} 5. Nc3 {[%emt 0:00:08]} d5 {[%emt 0:00:43]} 6. Bg5 {[%emt 0:01:40]} Be7 {[%emt 0:00:26]} 7. e3 {[%emt 0:00:12]} O-O {[%emt 0:00:14]} 8. Rc1 {[%emt 0:01:45]} h6 {[%emt 0:02:04]} 9. Bxf6 {[%emt 0:07:19]} Bxf6 {[%emt 0:00:06]} 10. cxd5 {[%emt 0:00:07]} exd5 {[%emt 0:00:10]} 11. Be2 {[%emt 0:00:33]} c6 {[%emt 0:02:16]} 12. O-O {[%emt 0:01:41]} Re8 {[%emt 0:01:40]} 13. Qc2 {[%emt 0:02:44]} Qe7 {[%emt 0:02:53]} 14. Rfd1 {[%emt 0:03:08]} b5 {[%emt 0:02:42]} 15. Bd3 {[%emt 0:06:49]} g5 {[%emt 0:05:22]} 16. Ne2 {[%emt 0:07:02]} Nd7 {[%emt 0:01:25]} 17. Ng3 {[%emt 0:00:07]} Bg7 {[%emt 0:05:15]} 18. Nf5 {[%emt 0:01:31]} Qf6 {[%emt 0:00:48]} 19. e4 {[%emt 0:02:11]} dxe4 {[%emt 0:00:41]} 20. Bxe4 {[%emt 0:00:01]} Rac8 {[%emt 0:02:29]} 21. Nxg7 {[%emt 0:05:30]} Kxg7 {[%emt 0:00:43]} 22. h3 {[%emt 0:00:13]} Nf8 {[%emt 0:05:18]} 23. Ne5 {[%emt 0:02:01]} Rc7 {[%emt 0:02:45]} 24. Bf3 {[%emt 0:05:40]} Ne6 {[%emt 0:02:37]} 25. Ng4 {[%emt 0:00:21]} Qf4 {[%emt 0:01:34]} 26. Qc3 {[%emt 0:03:15]} f6 27. g3 Qf5 {[%emt 0:05:39]} 28. Bg2 {[%emt 0:09:05]} Qg6 {[%emt 0:11:56]} 29. d5 {[%emt 0:02:10]} cxd5 {[%emt 0:01:02]} 30. Qxc7+ {[%emt 0:00:06]} Nxc7 {[%emt 0:02:12]} 31. Rxc7+ {[%emt 0:00:02]} Kh8 {[%emt 0:00:31]} 32. Rxb7 {[%emt 0:00:02]} Rd8 {[%emt 0:04:39]} 33. Rxd5 {[%emt 0:02:16]} Rxd5 {[%emt 0:02:03]} 34. Bxd5 {[%emt 0:00:08]} f5 {[%emt 0:02:53]} 35. Ne5 {[%emt 0:01:59]} Qh5 {[%emt 0:04:51]} 36. Kg2 {[%emt 0:02:49]} Qd1 {[%emt 0:03:34]} 37. Ng6# {[%emt 0:00:13]} 1-0

[Event "11th Arad Open 2018"]
[Site "Arad"]
[Date "2018.08.05"]
[Round "1"]
[White "Farkas, Gabor"]
[Black "Badelita, Beniamin"]
[Result "1-0"]
[WhiteElo "2366"]
[BlackElo "1817"]
[Annotator "NA"]
[PlyCount "82"]
[EventDate "2018.08.05"]
[EventType "swiss"]
[EventCountry "ROU"]
[SourceTitle "playchess.com"]
[Source "ChessBase"]
[SourceQuality "1"]
[TimeControl "40/5400+30:1800+30"]

1. e4 {[%emt 0:00:00]} c5 {[%emt 0:00:41]} 2. Nf3 {[%emt 0:00:00]} e6 {[%emt 0:03:09]} 3. d4 {[%emt 0:00:14]} cxd4 {[%emt 0:00:33]} 4. Nxd4 {[%emt 0:00:08]} a6 {[%emt 0:00:27]} 5. Bd3 {[%emt 0:01:30]} Qc7 {[%emt 0:00:47]} 6. Nc3 {[%emt 0:04:58]} Nf6 {[%emt 0:02:29]} 7. Qe2 {[%emt 0:05:17]} Bc5 {[%emt 0:05:12]} 8. Nb3 {[%emt 0:01:21]} Bb4 {[%emt 0:04:44]} 9. O-O {[%emt 0:05:29]} Nc6 {[%emt 0:10:54]} 10. f4 {[%emt 0:03:15]} b5 {[%emt 0:16:24]} 11. e5 {[%emt 0:08:15]} Bxc3 {[%emt 0:07:05]} 12. bxc3 {[%emt 0:00:58]} Nd5 {[%emt 0:01:36]} 13. c4 {[%emt 0:08:55]} bxc4 14. Bxc4 {[%emt 0:00:20]} Nce7 {[%emt 0:11:25]} 15. Ba3 {[%emt 0:04:48]} Bb7 {[%emt 0:09:11]} 16. Bd3 {[%emt 0:00:48]} Nc3 {[%emt 0:04:44]} 17. Qg4 {[%emt 0:08:15]} h5 {[%emt 0:04:46]} 18. Qg5 {[%emt 0:01:05]} Ncd5 {[%emt 0:01:30]} 19. c4 {[%emt 0:06:51]} f6 {[%emt 0:03:16]} 20. Qg3 {[%emt 0:00:38]} h4 {[%emt 0:01:34]} 21. Qf2 {[%emt 0:02:11]} Nc3 {[%emt 0:01:39]} 22. Bd6 {[%emt 0:01:40]} Qd8 {[%emt 0:02:26]} 23. Nc5 {[%emt 0:01:48]} Bc6 {[%emt 0:01:06]} 24. Qc2 {[%emt 0:00:14]} Qa5 {[%emt 0:01:00]} 25. Nb3 {[%emt 0:02:54]} Qb6+ {[%emt 0:00:40]} 26. Bc5 {[%emt 0:00:10]} Qb7 {[%emt 0:00:28]} 27. Na5 {[%emt 0:03:54]} Qc7 {[%emt 0:00:53]} 28. Nxc6 {[%emt 0:00:28]} Qxc6 {[%emt 0:00:55]} 29. Bd4 {[%emt 0:03:01]} f5 {[%emt 0:04:07]} 30. Bxc3 {[%emt 0:01:08]} h3 {[%emt 0:00:07]} 31. Qf2 {[%emt 0:00:49]} Ng6 {[%emt 0:00:19]} 32. g3 {[%emt 0:03:13]} Kf7 {[%emt 0:00:16]} 33. Be2 {[%emt 0:00:38]} Rac8 {[%emt 0:00:21]} 34. Rad1 {[%emt 0:00:32]} Rh6 {[%emt 0:00:05]} 35. Rd4 {[%emt 0:02:19]} Nh4 {[%emt 0:00:43]} 36. Bf3 {[%emt 0:00:20]} Qa4 {[%emt 0:00:15]} 37. gxh4 {[%emt 0:00:58]} Rxc4 {[%emt 0:01:30]} 38. h5 {[%emt 0:00:49]} g6 {[%emt 0:00:48]} 39. Rxc4 {[%emt 0:00:22]} Qxc4 {[%emt 0:00:11]} 40. Qd4 {[%emt 0:00:00]} Qb5 {[%emt 0:00:00]} 41. a4 {[%emt 0:15:42]} a5 1-0

[Event "11th Arad Open 2018"]
[Site "Arad"]
[Date "2018.08.05"]
[Round "1"]
[White "Balan, Bogdan"]
[Black "Georgiev, Kiril"]
[Result "0-1"]
[WhiteElo "1933"]
[BlackElo "2593"]
[Annotator "TA"]
[PlyCount "124"]
[EventDate "2018.08.05"]
[EventType "swiss"]
[EventCountry "ROU"]
[SourceTitle "playchess.com"]
[Source "ChessBase"]
[SourceQuality "1"]

{[%evp 19,124,-11,35,-52,-60,-49,-52,-52,-45,-54,-44,-47,-48,-77,-65,-73,-61,-71,-72,-78,-71,-79,-60,-62,-55,-74,-75,-82,-85,-102,-89,-90,-83,-96,-93,-137,-139,-160,-161,-162,-153,-193,-170,-172,-165,-168,-169,-177,-172,-210,-208,-221,-212,-219,-215,-271,-283,-317,-307,-309,-300,-321,-402,-397,-375,-483,-480,-467,-445,-620,-606,-589,-524,-661,-661,-646,-640,-734,-716,-1859,-766,-831,-1168,-1052,-976,-1883,-1815,-1675,-1583,-1654,-1524,-1792,-1521,-6387,-5594,-29970,-29976,-29976,-29973,-29984,-29984,-29984,-29985,-29985,-29986,-29985,-29986]} 1. d4 Nf6 2. Nf3 e6 3. e3 c5 4. Bd3 Nc6 5. O-O Qc7 6. c3 d5 7. Nbd2 Be7 {[%cal Bf8e7,Be7c5,Bc5b6][%mdl 32]} 8. Qe2 O-O 9. dxc5 Bxc5 10. e4 Bb6 {LiveBook: 6 Games. D05: Colle System with ...e6} (10... Bd6 11. Re1 Ne5 12. Nxe5 Bxe5 13. g3 Re8 14. Kg2 Bd7 15. f4 dxe4 16. Nxe4 Nxe4 17. fxe5 Nc5 18. Bc2 Bc6+ 19. Kh3 {1-0 (50) Velten,P (2444)-Galdunts,S (2424) Germany 2017}) 11. Nb3 (11. e5 $14 Ng4 {[#]} 12. Bxh7+ $1 {[%mdl 512]} Kxh7 13. Ng5+ Kg8 14. Qxg4 Qxe5 15. Qh5) 11... dxe4 $15 12. Bxe4 Nxe4 {Black is slightly better.} 13. Qxe4 e5 14. Be3 Bxe3 15. fxe3 Qe7 16. Qc2 $146 ({Predecessor:} 16. Rad1 Be6 17. h4 f6 18. h5 Rad8 19. Qh4 Rxd1 20. Rxd1 a6 21. Kf2 {½-½ (20) Burkow,N (2272)-Agulnick,M (2096) IECC email 2004}) 16... Bg4 17. e4 Rad8 18. h3 Be6 19. Rad1 b6 (19... f6 {with more complications.} 20. Nh4 g6 21. Nf3 Kg7 22. Kh2 Rc8) 20. Rxd8 Rxd8 21. Rd1 Rc8 22. Qf2 f6 23. Nc1 Na5 24. Ne1 Nc4 25. b3 Nd6 26. Qe3 Qc7 27. c4 Qc6 28. Nf3 Qxe4 29. Qf2 Qc6 30. Nd3 a5 $36 {[%mdl 2048] Black is in control.} 31. Nb2 Ne4 32. Qe3 Nc5 33. Nd3 Rd8 {Strongly threatening ...e4.} 34. Nfe1 {With the idea Nxe5.} Qe4 35. Qxe4 Nxe4 36. Rc1 Kf7 37. c5 b5 38. b4 a4 ({Don't do} 38... Bxa2 39. bxa5 Ra8 40. c6 $19) 39. a3 Ke7 40. Nf2 Nxf2 41. Kxf2 $19 {[%mdl 4096] Endgame KRB-KRN} Rd2+ 42. Ke3 Ra2 43. Rc3 Kd7 44. Rd3+ Kc7 45. Rc3 Bb3 46. g4 Rxa3 47. Nd3 Ra2 48. Nc1 Rh2 49. Nxb3 axb3 {KR-KR} (49... Rxh3+ $142 50. Kd2 Rh2+ 51. Ke1 axb3 52. Rxb3 Rg2) 50. Ke4 b2 51. Rb3 Kc6 52. Kf5 Kd5 {[#] ( -> ...Rf2+)} 53. Rd3+ Kc4 54. Rd1 Kxb4 55. Ke6 Kxc5 56. Kf7 Rxh3 57. Kxg7 Rg3 {Black mates.} 58. Kxf6 Rxg4 59. Kxe5 Rc4 60. Rb1 Rb4 61. Kf5 h5 {[%cal Bh7h5,Bh5h4][%mdl 32]} 62. Kg5 h4 {Precision: White = 27%, Black = 76%.} 0-1

[Event "11th Arad Open 2018"]
[Site "Arad"]
[Date "2018.08.05"]
[Round "1"]
[White "Lolici, Iselin Amanda"]
[Black "Tarlev, Konstantin"]
[Result "0-1"]
[WhiteElo "1926"]
[BlackElo "2561"]
[Annotator "TA"]
[PlyCount "78"]
[EventDate "2018.08.05"]
[EventType "swiss"]
[EventCountry "ROU"]
[SourceTitle "playchess.com"]
[Source "ChessBase"]
[SourceQuality "1"]

{[%evp 11,78,0,6,-5,4,-1,3,-30,-30,-30,-30,-30,-29,-39,6,-34,-31,-48,11,-31,-16,-25,0,-103,-103,-103,-103,-104,-103,-104,-104,-175,-163,-157,-164,-140,-102,-134,-139,-164,-146,-157,-126,-150,-147,-139,-139,-137,-109,-116,-117,-123,-100,-271,-259,-303,-293,-262,-241,-241,-234,-322,-308,-379,-375,-380,-381,-452,-266]} 1. c4 e5 2. g3 f5 3. Bg2 Nf6 4. Nc3 Bb4 5. Nd5 (5. Nf3 Bxc3 6. bxc3 d6 7. d3 Nc6 8. Qb3 Rb8 9. c5 d5 10. Bg5 h6 11. Bxf6 Qxf6 12. O-O Be6 13. Rab1 e4 14. Nd4 Nxd4 15. cxd4 Qxd4 16. dxe4 fxe4 {0-1 (59) Almasi,Z (2693)-Vallejo Pons,F (2700) Havana 2014}) 5... Nxd5 6. cxd5 {A21: English Opening: 1...e5 2 Nc3} O-O {LiveBook: 8 Games} 7. a3 Ba5 8. b4 {The position is equal.} Bb6 9. Bb2 (9. d6 $5) 9... d6 10. e3 Nd7 11. Ne2 Nf6 12. Qb3 $146 ({Predecessor:} 12. d4 e4 13. Qb3 Qe8 14. a4 {½-½ (29) Schindelmeiser,F (1981)-Jennewein,N (1877) Heusenstamm 2016}) 12... Bd7 13. d4 e4 $1 14. Nf4 Qe8 (14... a5 $15) 15. h4 a5 16. Bh3 g6 {[%cal Bg7g6,Bg6g5,Bg5g4][%mdl 32]} 17. h5 (17. Bf1 $11 {keeps the balance.}) 17... g5 (17... gxh5 $6 18. Bc3 $11) 18. Ne6 Bxe6 19. dxe6 g4 $36 {[%mdl 2048] Keeping White busy.} 20. Bf1 d5 21. bxa5 (21. Bc3 $17 {keeps fighting.}) 21... Bxa5+ $19 22. Bc3 {[#]} Qa4 $3 {[%cal Ra4b3][%mdl 512]} 23. Qb2 (23. Qxa4 Bxc3+) 23... Rfe8 {[%cal Bf8e8,Be8e6,Be6c6][%mdl 32]} 24. Be2 Rxe6 25. O-O {Bxa5 would now be nice for White.} Bxc3 ({Stronger than} 25... Nxh5 26. Bxa5 Qxa5 27. Qxb7 $11) 26. Qxc3 Rc6 ({Much weaker is} 26... Nxh5 $6 27. Qxc7 Qc6 28. Qxc6 $11) 27. Qb4 Qxb4 ({Inferior is} 27... Nxh5 28. Qxb7 Rd6 29. Qxc7 $16) 28. axb4 Rxa1 29. Rxa1 Nxh5 $17 {[%mdl 4096] Endgame KRB-KRN} 30. Bb5 Rb6 31. Bd7 Ng7 32. b5 $2 (32. Ra5 $17) 32... Kf7 $19 33. Ra7 Ke7 34. Bc8 Rxb5 35. Bxb7 Kd6 36. Bc8 Rb8 37. Bb7 {intending Ra6+.} Ne6 38. Ra6+ c6 $1 39. Ra7 Nc7 {Precision: White = 48%, Black = 66%.} (39... Ng5 $142 40. Kh1 Nf3) 0-1

[Event "11th Arad Open 2018"]
[Site "Arad"]
[Date "2018.08.05"]
[Round "1"]
[White "Vilcu, Matei Stefan"]
[Black "Aczel, Gergely"]
[Result "0-1"]
[WhiteElo "1925"]
[BlackElo "2551"]
[Annotator "TA"]
[PlyCount "74"]
[EventDate "2018.08.05"]
[EventType "swiss"]
[EventCountry "ROU"]
[SourceTitle "playchess.com"]
[Source "ChessBase"]
[SourceQuality "1"]

{[%evp 20,74,-2,-5,8,0,30,6,37,0,50,-37,32,17,13,0,0,-110,-95,-95,-107,-115,-84,-103,-93,-189,-186,-190,-173,-208,-204,-214,-193,-278,-239,-522,-504,-525,-297,-306,0,-513,-364,-456,-420,-490,-486,-479,-464,-641,-630,-5489,-1781,-29994,-1845,-1833,-871]} 1. e4 c5 2. Nf3 {[%cal Bg1f3,Bf3d4,Bd4f5][%mdl 32]} d6 3. d4 cxd4 4. Nxd4 Nf6 5. Nc3 a6 6. Bg5 Nbd7 7. f4 e5 {B94: Sicilian Najdorf: 6 Bg5 Nbd7} 8. Nf5 Qb6 9. Qd2 Qxb2 10. Rb1 Qa3 11. Bc4 {LiveBook: 5 Games} h6 12. Bh4 Qa5 $146 ({Predecessor:} 12... Qc5 13. Bb3 b5 14. Bf2 Qc7 15. Nd5 {0-1 (36) Langer,M (2252)-Troff,K (2498) Dallas 2016}) 13. Bd5 exf4 14. O-O Rb8 (14... g6 $5 {[%cal Rg6f5]} 15. Qd4 (15. Bxb7 Bxb7 16. Bxf6 Nxf6 $14) 15... Qc5 $11) 15. Kh1 (15. Bxf6 $14 Nxf6 16. Bc6+ Kd8 17. Rxf4) 15... Qc7 (15... g5 $1 $15 16. Bf2 Nxd5 17. Qxd5 (17. exd5 b5 $17) 17... Qxd5 18. Nxd5 b5) 16. a4 $14 {[%mdl 1024] White has compensation.} b6 17. Rb4 {Threatens to win with Rc4.} g5 $1 {[%cal Rg5h4]} 18. Bf2 (18. Rc4 $1 $11 Nc5 19. Qd4) 18... Ne5 $17 19. Rfb1 {[%cal Rb4b6]} Bxf5 $1 20. exf5 {[%cal Rb4b6] [#]} Bg7 $1 ({But not} 20... Rc8 $6 21. Bd4 $11) 21. Rxb6 O-O 22. Rb7 (22. a5 $17 {was necessary.}) 22... Rxb7 $19 23. Rxb7 Qc8 24. Rb4 Qxf5 25. Bb7 Neg4 26. Bd4 (26. Bg1 $142) 26... Re8 27. h3 $2 {[#]} (27. Bg1) 27... Ne3 28. Bc6 Rc8 29. Bb7 Re8 $2 ({Don't play} 29... Qxc2 30. Qxc2 Nxc2 31. Rb6 $19) (29... Rb8 30. Be4 Qc8 31. Rxb8 Qxb8) 30. Bc6 $1 Rd8 31. Bxe3 fxe3 32. Qxe3 Qxc2 33. Rb7 Rf8 34. Bf3 Re8 35. Qd4 Nh5 (35... Re1+ $142 36. Qg1 Rxg1+ 37. Kxg1 Qxc3) 36. Qd5 Re1+ (36... Qc1+ $142 37. Qd1 Re1+ 38. Qxe1 Qxe1+ 39. Kh2 Be5+ 40. g3 Bxg3+ 41. Kg2 Nf4#) 37. Kh2 Be5+ {Precision: White = 40%, Black = 54%.} 0-1